000 00266nam a2200121Ia 4500
008 190216s9999||||xx |||||||||||||| ||und||
100 _aFraser G S
245 0 _aW B Yeats
260 _bLongmans
_c1967
300 _a44p
650 _aEnglish Literature
942 _cBK
999 _c12717
_d12717